[Event "THA-ch (Women)"]
[Site "Bangkok"]
[Date "2021.11.06"]
[Round "3"]
[White "Atikankhotchasee, Manunthon"]
[Black "Burbach, Anya Belle"]
[Result "0-1"]
[WhiteElo "1548"]
[BlackElo "1265"]
[PlyCount "54"]
[EventDate "2021.11.05"]
[EventType "swiss"]
[EventRounds "9"]
[EventCountry "THA"]
[SourceTitle "CBM 205 Extra"]
[Source "ChessBase"]
[SourceDate "2022.01.31"]
[SourceVersion "1"]
[SourceVersionDate "2022.01.31"]
[SourceQuality "1"]

1. d4 Nf6 2. c4 e6 3. Nc3 Bb4 4. Bd2 0-0 5. e3 b6 6. Nf3 Bb7 7. h4 Bxc3 8. Bxc3 Ne4 9. Bb4 c5 10. Ba3 Na6 11. h5 h6 12. Bd3 f5 13. Rg1 d6 14. Qc2 Qf6 15. 0-0-0 Nb4 16. Bxb4 cxb4 17. Rdf1 Rac8 18. Qa4 a5 19. Nd2 Bc6 20. Qc2 d5 21. Bxe4 fxe4 22. Kb1 Bb5 23. b3 a4 24. f3 axb3 25. axb3 Qg5 26. fxe4 Rxf1+ 27. Nxf1 dxc4 0-1

[Event "Online Olym Div3 A"]
[Site "Chess.com INT"]
[Date "2021.08.29"]
[Round "7.4"]
[White "Takayasu, Melody"]
[Black "Atikankhotchasee, Manunthon"]
[Result "0-1"]
[WhiteElo "1692"]
[BlackElo "1548"]
[PlyCount "160"]
[EventDate "2021.08.27"]
[EventType "team-tourn (rapid)"]
[EventRounds "9"]
[EventCountry "USA"]
[SourceTitle "CBM 204 Extra"]
[Source "ChessBase"]
[SourceDate "2021.11.30"]
[SourceVersion "1"]
[SourceVersionDate "2021.11.30"]
[SourceQuality "1"]
[WhiteTeam "Japan"]
[BlackTeam "Thailand"]
[WhiteTeamCountry "JPN"]
[BlackTeamCountry "THA"]

1. e4 c5 2. Nf3 g6 3. Bc4 e6 4. 0-0 Bg7 5. Re1 Ne7 6. Nc3 0-0 7. d3 Nbc6 8. a3 d5 9. Bb5 a6 10. Bxc6 Nxc6 11. e5 b5 12. Bf4 h6 13. h4 Bb7 14. Qd2 Kh7 15. d4 Nxd4 16. Nxd4 cxd4 17. Qxd4 Qxh4 18. Rad1 Rac8 19. Be3 Qxd4 20. Bxd4 Rc4 21. b3 Rc6 22. Rd3 Rfc8 23. f4 Ba8 24. g4 Bf8 25. f5 Bxa3 26. fxe6 fxe6 27. Rf1 Kg7 28. Rdf3 R8c7 29. Nb1 Bc5 30. Bxc5 Rxc5 31. c3 a5 32. Rf6 Re7 33. Kf2 b4 34. cxb4 axb4 35. Ke3 d4+ 36. Kxd4 Rd5+ 37. Kc4 Rxe5 38. Kxb4 Re4+ 39. Kc5 Rxg4 40. Kd6 Rb7 41. Rxe6 Rb6+ 42. Ke7 Rxe6+ 43. Kxe6 Re4+ 44. Kd6 Rb4 45. Rc1 Rxb3 46. Ke6 Rb6+ 47. Ke7 Be4 48. Nc3 Bf5 49. Nd5 Rb7+ 50. Ke8 Rb8+ 51. Ke7 Rb5 52. Kd6 Rb7 53. Nf4 Rd7+ 54. Ke5 Ra7 55. Nh5+ Kf7 56. Nf4 Ra5+ 57. Kd6 Kf6 58. Nd5+ Kg5 59. Rg1+ Bg4 60. Ne3 h5 61. Nc4 Ra4 62. Ne5 Rd4+ 63. Kc5 Re4 64. Kd5 Ra4 65. Nf3+ Kf4 66. Nd4 Ke3 67. Rg3+ Kf2 68. Rc3 h4 69. Rc2+ Ke3 70. Rc3+ Kd2 71. Rc2+ Kd3 72. Rg2 Rxd4+ 73. Ke5 Bf5 74. Rh2 Re4+ 75. Kf6 h3 76. Kg5 Rg4+ 77. Kf6 Rg2 78. Rh1 h2 79. Ra1 Rg1 80. Ra3+ Kc4 0-1

[Event "Online Olym Div2 B"]
[Site "Chess.com INT"]
[Date "2020.08.16"]
[Round "9.3"]
[White "Klinova, Masha"]
[Black "Atikankhotchasee, Manunthon"]
[Result "1-0"]
[WhiteElo "2275"]
[BlackElo "1622"]
[PlyCount "89"]
[EventDate "2020.08.14"]
[EventType "team-tourn (rapid)"]
[EventRounds "9"]
[EventCountry "USA"]
[SourceTitle "CBM 198"]
[Source "ChessBase"]
[SourceDate "2020.10.31"]
[SourceVersion "1"]
[SourceVersionDate "2020.10.31"]
[SourceQuality "1"]
[WhiteTeam "Israel"]
[BlackTeam "Thailand"]
[WhiteTeamCountry "ISR"]
[BlackTeamCountry "THA"]

1. e4 c5 2. Nf3 g6 3. c3 d5 4. exd5 Qxd5 5. d4 cxd4 6. Qxd4 Qxd4 7. Nxd4 Bg7 8. Bb5+ Bd7 9. Na3 a6 10. Be2 Nc6 11. Nac2 Nf6 12. 0-0 0-0 13. Bf3 Nxd4 14. Nxd4 Rab8 15. Bf4 Rbe8 16. Bxb7 e5 17. Bxe5 Rxe5 18. Bxa6 Ra8 19. Bc4 Ne4 20. Rfd1 Re7 21. Bd5 Rae8 22. Nc6 Bxc6 23. Bxc6 Rc8 24. Bb5 Ng5 25. a4 Rb8 26. Kf1 Bf6 27. h4 Ne6 28. g3 Nc7 29. c4 Bxb2 30. Rab1 Bc3 31. Rd3 Ba5 32. c5 Ne6 33. Rc1 Nc7 34. Rb1 Re5 35. c6 Rc5 36. Rdb3 Rd8 37. R1b2 Rd1+ 38. Kg2 Rd4 39. Re2 h5 40. Re7 Kf8 41. Rd7 Re4 42. Rd8+ Kg7 43. Rb8 Ree5 44. Rb7 Bd2 45. Rxc7 1-0

[Event "Online Olym Div4 A"]
[Site "Chess.com INT"]
[Date "2020.08.02"]
[Round "7.1"]
[White "Atikankhotchasee, Manunthon"]
[Black "Zaura, Abdulla"]
[Result "1-0"]
[WhiteElo "1622"]
[BlackElo "1354"]
[PlyCount "57"]
[EventDate "2020.07.31"]
[EventType "team-tourn (rapid)"]
[EventRounds "9"]
[EventCountry "USA"]
[SourceTitle "CBM 198"]
[Source "ChessBase"]
[SourceDate "2020.10.31"]
[SourceVersion "1"]
[SourceVersionDate "2020.10.31"]
[SourceQuality "1"]
[WhiteTeam "Thailand"]
[BlackTeam "Maldives"]
[WhiteTeamCountry "THA"]
[BlackTeamCountry "MDV"]

1. d4 d5 2. Bg5 Nc6 3. Nf3 h6 4. Bh4 f6 5. Bg3 Bg4 6. h3 Bxf3 7. exf3 e5 8. dxe5 fxe5 9. f4 e4 10. Qh5+ Kd7 11. Qg4+ Kd6 12. f5+ Ke7 13. Nc3 Nf6 14. Qd1 Qd7 15. Bb5 Rd8 16. 0-0 a6 17. Ba4 b5 18. Bb3 d4 19. Be6 Qe8 20. Ne2 g6 21. Bxc7 Ra8 22. Nxd4 gxf5 23. Bxf5 Kf7 24. Re1 Bc5 25. Ne6 Qe7 26. Rxe4 Nxe4 27. Qh5+ Kg8 28. Qg6+ Qg7 29. Qxg7# 1-0

[Event "Online Olym Div4 A"]
[Site "Chess.com INT"]
[Date "2020.08.02"]
[Round "9.2"]
[White "Deng, Jing Xin Crystal"]
[Black "Atikankhotchasee, Manunthon"]
[Result "1-0"]
[WhiteElo "1914"]
[BlackElo "1622"]
[PlyCount "149"]
[EventDate "2020.07.31"]
[EventType "team-tourn (rapid)"]
[EventRounds "9"]
[EventCountry "USA"]
[SourceTitle "CBM 198"]
[Source "ChessBase"]
[SourceDate "2020.10.31"]
[SourceVersion "1"]
[SourceVersionDate "2020.10.31"]
[SourceQuality "1"]
[WhiteTeam "Hong Kong"]
[BlackTeam "Thailand"]
[WhiteTeamCountry "HKG"]
[BlackTeamCountry "THA"]

1. d4 Nf6 2. c4 Nc6 3. Nf3 e6 4. Nc3 d5 5. Bg5 Be7 6. e3 0-0 7. Bd3 Nb4 8. Be2 h6 9. Bh4 b6 10. a3 Na6 11. 0-0 Bb7 12. b4 c6 13. Rc1 Nc7 14. c5 bxc5 15. bxc5 Ba6 16. Bxa6 Nxa6 17. Qa4 Qc8 18. Ne5 Nb8 19. Rb1 g5 20. Bg3 Nh5 21. Rxb8 Rxb8 22. Nxc6 Rb7 23. Nxe7+ Rxe7 24. Bd6 Rd7 25. Bxf8 Kxf8 26. Nb5 Qb8 27. c6 Re7 28. c7 Rxc7 29. Nxc7 Qxc7 30. Qb4+ Kg7 31. h3 Nf6 32. Rb1 Ne4 33. Qb8 Qc2 34. Rb2 Qc1+ 35. Kh2 a5 36. Qe5+ Kg6 37. Rb8 Nf6 38. Rb7 Qxa3 39. Qc7 Qf8 40. Qxa5 Ne4 41. Kg1 Qc8 42. Qc7 Qe8 43. Qd7 Qg8 44. Qc7 h5 45. Rb8 Qg7 46. Qd7 Qf6 47. f3 Ng3 48. Qd8 Qxd8 49. Rxd8 Nf5 50. Kf2 h4 51. Rb8 Ng3 52. Rb1 Kf5 53. Rd1 Kf6 54. Rc1 Kf5 55. Re1 Kf6 56. e4 dxe4 57. fxe4 Kg6 58. d5 exd5 59. exd5 Nf5 60. Kf3 f6 61. Rd1 Nd6 62. g4 Kf7 63. Re1 Ne8 64. Re3 Nd6 65. Ke2 Nc4 66. Re6 Ne5 67. Ke3 Nc4+ 68. Kd4 Nd2 69. Re3 Nf1 70. Re2 Ng3 71. Re1 f5 72. gxf5 Nxf5+ 73. Ke5 Kg6 74. d6 Ng3 75. d7 1-0

[Event "Online Olym Div4 A"]
[Site "Chess.com INT"]
[Date "2020.07.31"]
[Round "1.4"]
[White "Atikankhotchasee, Manunthon"]
[Black "May, Hsu Lwin"]
[Result "0-1"]
[WhiteElo "1622"]
[BlackElo "2086"]
[PlyCount "148"]
[EventDate "2020.07.31"]
[EventType "team-tourn (rapid)"]
[EventRounds "9"]
[EventCountry "USA"]
[SourceTitle "CBM 198"]
[Source "ChessBase"]
[SourceDate "2020.10.31"]
[SourceVersion "1"]
[SourceVersionDate "2020.10.31"]
[SourceQuality "1"]
[WhiteTeam "Thailand"]
[BlackTeam "Myanmar"]
[WhiteTeamCountry "THA"]
[BlackTeamCountry "MYA"]

1. d4 d5 2. Bf4 Nf6 3. c4 e6 4. Nc3 c6 5. e3 Bd6 6. Bxd6 Qxd6 7. c5 Qe7 8. b4 Nbd7 9. b5 e5 10. Nge2 0-0 11. g3 exd4 12. exd4 Ne4 13. Qc2 Ndf6 14. Bg2 Bf5 15. Qc1 Nxc3 16. Qxc3 Rfe8 17. Qb2 Bd3 18. Bf3 Bxb5 19. 0-0 Ne4 20. Rfe1 Qf6 21. Bxe4 Rxe4 22. Nc3 Rxe1+ 23. Rxe1 Qxd4 24. Qb3 Qxc5 25. Nxb5 Qxb5 26. Qxb5 cxb5 27. Re7 Kf8 28. Rxb7 Ke8 29. Rxb5 Rd8 30. Kf1 Ke7 31. Rb7+ Rd7 32. Rb5 Ke6 33. Ke2 Rc7 34. Kd3 Rc6 35. Ra5 a6 36. f4 f5 37. h3 Kd6 38. g4 g6 39. gxf5 gxf5 40. h4 Rb6 41. Kc3 h6 42. h5 Rc6+ 43. Kd3 Rb6 44. Kc3 Kc6 45. Kd4 Rb4+ 46. Ke5 d4 47. Ra3 Kc5 48. Kxf5 Kc4 49. Kg6 Rb6+ 50. Kg7 d3 51. Rxd3 Kxd3 52. f5 Rb7+ 53. Kg6 Ke4 54. f6 Ke5 55. f7 Rb8 56. Kg7 Kf5 57. f8Q+ Rxf8 58. Kxf8 Kg5 59. Ke7 Kxh5 60. Kd6 Kg4 61. Kc6 h5 62. Kb6 h4 63. Kxa6 h3 64. a4 h2 65. a5 h1Q 66. Kb6 Qb1+ 67. Ka7 Kf5 68. a6 Ke6 69. Ka8 Kd7 70. a7 Qe4+ 71. Kb8 Qe8+ 72. Kb7 Qc8+ 73. Kb6 Kd6 74. Ka5 Qb7 0-1

[Event "Olympiad Women-43"]
[Site "Batumi"]
[Date "2018.10.05"]
[Round "11.1"]
[White "Wafa, Shrook"]
[Black "Atikankhotchasee, Manunthon"]
[Result "1-0"]
[WhiteElo "2136"]
[BlackElo "1667"]
[PlyCount "85"]
[EventDate "2018.09.24"]
[EventType "team-swiss"]
[EventRounds "11"]
[EventCountry "GEO"]
[SourceTitle "EXT 2020"]
[Source "ChessBase"]
[SourceDate "2019.10.17"]
[SourceVersion "1"]
[SourceVersionDate "2019.10.17"]
[SourceQuality "1"]
[WhiteTeam "Egypt (W)"]
[BlackTeam "Thailand (W)"]
[WhiteTeamCountry "EGY"]
[BlackTeamCountry "THA"]

1. e4 c5 2. Nf3 e6 3. Nc3 Nc6 4. Bb5 Nge7 5. 0-0 a6 6. Bxc6 Nxc6 7. d4 cxd4 8. Nxd4 Bc5 9. Nb3 Ba7 10. Bf4 e5 11. Bg3 h5 12. h4 g5 13. Nd5 gxh4 14. Bh2 d6 15. Qf3 Rh6 16. Ne3 Bxe3 17. Qxe3 Rg6 18. Kh1 Qf6 19. c3 Bg4 20. f4 exf4 21. Rxf4 Qe7 22. Raf1 f6 23. Nd4 Nxd4 24. Qxd4 Kf7 25. Qd5+ Kg7 26. R4f2 Rd8 27. Bf4 Be6 28. Qxh5 Bxa2 29. Qe2 b5 30. Rd1 Bb3 31. Rd4 h3 32. g3 d5 33. Kh2 Re8 34. Qd2 Kg8 35. exd5 Bc4 36. Qc2 Kg7 37. b3 Be2 38. d6 Qd7 39. Rxe2 Rxe2+ 40. Qxe2 Kf7 41. Re4 Kf8 42. Re7 Qc6 43. d7 1-0

[Event "Olympiad Women-43"]
[Site "Batumi"]
[Date "2018.09.24"]
[Round "1.45"]
[White "Golubenko, Valentina"]
[Black "Atikankhotchasee, Manunthon"]
[Result "1-0"]
[WhiteElo "2254"]
[BlackElo "1667"]
[PlyCount "75"]
[EventDate "2018.09.24"]
[EventType "team-swiss"]
[EventRounds "11"]
[EventCountry "GEO"]
[SourceTitle "EXT 2020"]
[Source "ChessBase"]
[SourceDate "2019.10.17"]
[SourceVersion "1"]
[SourceVersionDate "2019.10.17"]
[SourceQuality "1"]
[WhiteTeam "Croatia (W)"]
[BlackTeam "Thailand (W)"]
[WhiteTeamCountry "CRO"]
[BlackTeamCountry "THA"]

1. d4 Nf6 2. c4 Nc6 3. Nf3 d6 4. g3 e5 5. Nc3 Bg4 6. Bg2 Qd7 7. 0-0 Bxf3 8. Bxf3 Nxd4 9. Bxb7 Rb8 10. Bg2 Be7 11. e3 Ne6 12. a3 a5 13. Rb1 h5 14. Qa4 Qxa4 15. Nxa4 0-0 16. Bd2 h4 17. Bxa5 h3 18. Bxh3 Ra8 19. b4 Ne4 20. Rfd1 f5 21. Bg2 Ra7 22. f3 Nf6 23. Nc3 f4 24. exf4 exf4 25. Re1 Kf7 26. Rbd1 fxg3 27. hxg3 Nh5 28. Nb5 Rxa5 29. bxa5 c6 30. Nxd6+ Kf6 31. Ne4+ Kf7 32. Rd7 Ke8 33. Rxe7+ Kxe7 34. Nc5 Rf6 35. a6 Kd6 36. Rxe6+ Kxc5 37. Rxf6 Nxf6 38. a7 1-0

[Event "Asia-chT rapid (Women) 5th"]
[Site "Ashkhabad"]
[Date "2017.09.25"]
[Round "1.1"]
[White "Nakhbayeva, Guliskhan"]
[Black "Atikankhotchasee, Manunthon"]
[Result "1-0"]
[WhiteElo "2360"]
[BlackElo "1677"]
[PlyCount "55"]
[EventDate "2017.09.25"]
[EventType "team-swiss (rapid)"]
[EventRounds "5"]
[EventCountry "TKM"]
[SourceTitle "EXT 2018"]
[Source "ChessBase"]
[SourceDate "2017.10.13"]
[SourceVersion "1"]
[SourceVersionDate "2017.10.13"]
[SourceQuality "1"]
[WhiteTeam "Kazakhstan"]
[BlackTeam "Thailand"]
[WhiteTeamCountry "KAZ"]
[BlackTeamCountry "THA"]

1. d4 Nf6 2. c4 Nc6 3. Nf3 d6 4. g3 e5 5. Bg2 exd4 6. 0-0 g6 7. Nxd4 Nxd4 8. Qxd4 Bg7 9. Nc3 0-0 10. Qd2 Rb8 11. b3 Bf5 12. Bb2 Re8 13. f3 Qd7 14. e4 Bh3 15. Bxh3 Qxh3 16. Nd5 Nxd5 17. Bxg7 Kxg7 18. cxd5 h5 19. Rac1 Rbc8 20. Qd4+ f6 21. Qxa7 Ra8 22. Rxc7+ Kh6 23. Qxb7 Rxa2 24. Rh7+ Kg5 25. f4+ Kg4 26. Qd7+ f5 27. Qxf5+ gxf5 28. Rg7# 1-0

[Event "Asian-ch Indoor Games qual (Women Rapid"]
[Site "Bangkok"]
[Date "2017.05.20"]
[Round "2.1"]
[White "Atikankhotchasee, Manunthon"]
[Black "Chaipa, Kanyanut"]
[Result "1-0"]
[WhiteElo "1585"]
[BlackElo "1463"]
[PlyCount "141"]
[EventDate "2017.05.20"]
[EventType "swiss (rapid)"]
[EventRounds "9"]
[EventCountry "THA"]
[SourceTitle "EXT 2024"]
[Source "ChessBase"]
[SourceDate "2023.10.10"]
[SourceVersion "1"]
[SourceVersionDate "2023.10.10"]
[SourceQuality "1"]

1. d4 d5 2. Bg5 c6 3. e3 Nf6 4. Bxf6 exf6 5. c4 Qa5+ 6. Nc3 Bb4 7. Qb3 Bxc3+ 8. Qxc3 Qxc3+ 9. bxc3 dxc4 10. Bxc4 b5 11. Bd3 Be6 12. a4 bxa4 13. Rxa4 Nd7 14. Nf3 c5 15. Kd2 0-0 16. Rha1 cxd4 17. exd4 Nb6 18. Rxa7 Rab8 19. Rc7 Nd5 20. Rc5 Rb2+ 21. Bc2 Rd8 22. Kc1 Rbb8 23. g3 Rbc8 24. Kd2 Rxc5 25. dxc5 Nb4+ 26. Kc1 Nxc2 27. Kxc2 Bf5+ 28. Kb3 Be4 29. Nd4 Bd5+ 30. Kc2 h6 31. Kd3 Kh7 32. Ra7 Kg6 33. c4 Bg2 34. Kc3 f5 35. f4 f6 36. c6 Rc8 37. c7 Kf7 38. Nb5 Ke7 39. Ra6 g6 40. Rb6 Kd7 41. Rxf6 Bc6 42. Rxg6 Bxb5 43. Rg7+ Kc6 44. cxb5+ Kxb5 45. Kd4 Kb6 46. Ke5 Kb7 47. Kxf5 Re8 48. h4 Rf8+ 49. Kg6 Re8 50. f5 Re3 51. Kxh6 Re5 52. f6 Re6 53. Kg6 Re8 54. f7 Rf8 55. Rg8 Rxf7 56. Kxf7 Kxc7 57. Ke6 Kc6 58. Rc8+ Kb7 59. Kd7 Kb6 60. Kd6 Kb7 61. Rc1 Kb6 62. Rb1+ Ka5 63. Kc6 Ka4 64. Kc5 Ka3 65. Kc4 Ka2 66. Rb8 Ka1 67. Kc3 Ka2 68. Rb3 Ka1 69. Kc2 Ka2 70. Rd3 Ka1 71. Ra3# 1-0

[Event "Olympiad Women-42"]
[Site "Baku"]
[Date "2016.09.03"]
[Round "2.39"]
[White "Mora Oviedo, Andrea Melissa"]
[Black "Atikankhotchasee, Manunthon"]
[Result "1-0"]
[WhiteElo "1783"]
[BlackElo "1696"]
[PlyCount "69"]
[EventDate "2016.09.02"]
[EventType "team-swiss"]
[EventRounds "11"]
[EventCountry "AZE"]
[SourceTitle "CBM 174 Extra"]
[Source "ChessBase"]
[SourceDate "2016.10.10"]
[SourceVersion "1"]
[SourceVersionDate "2016.10.10"]
[SourceQuality "1"]
[WhiteTeam "Honduras (W)"]
[BlackTeam "Thailand (W)"]
[WhiteTeamCountry "HON"]
[BlackTeamCountry "THA"]

1. d4 f5 2. c4 Nf6 3. Nc3 e6 4. a3 Be7 5. Nf3 0-0 6. g3 d5 7. c5 c6 8. Bg2 Bd7 9. h4 Be8 10. Bf4 Nbd7 11. Ng5 Bf7 12. e3 h6 13. Nxf7 Rxf7 14. b4 Ne4 15. Nxe4 dxe4 16. Qb3 Nf8 17. Bf1 Qd7 18. Be2 g5 19. hxg5 hxg5 20. Be5 Rh7 21. 0-0-0 b5 22. cxb6 Rxh1 23. Rxh1 g4 24. Bc4 axb6 25. Bxe6+ Qxe6 26. Qxe6+ Nxe6 27. Rh8+ Kf7 28. Rxa8 c5 29. Ra7 Ke8 30. dxc5 bxc5 31. b5 Bd8 32. Ra6 Kd7 33. Rd6+ Ke7 34. b6 Ng5 35. Rxd8 1-0

[Event "THA pre olympic qual (Women)"]
[Site "Bangkok"]
[Date "2016.05.22"]
[Round "9"]
[White "Atikankhotchasee, Manunthon"]
[Black "Vongvatthana, Chananchida"]
[Result "1/2-1/2"]
[WhiteElo "1679"]
[BlackElo "1573"]
[PlyCount "108"]
[EventDate "2016.05.14"]
[EventType "swiss"]
[EventRounds "9"]
[EventCountry "THA"]
[SourceTitle "CBM 172 Extra"]
[Source "ChessBase"]
[SourceDate "2016.06.21"]
[SourceVersion "1"]
[SourceVersionDate "2016.06.21"]
[SourceQuality "1"]

1. d4 d5 2. Bg5 Nd7 3. e3 Ngf6 4. c4 e6 5. Nc3 c6 6. Nf3 Be7 7. Bd3 h6 8. Bh4 0-0 9. 0-0 dxc4 10. Bxc4 c5 11. Bg3 Nb6 12. Be2 cxd4 13. Qxd4 Qxd4 14. Nxd4 Bc5 15. Rfd1 Nfd5 16. Ne4 Bxd4 17. Rxd4 Bd7 18. h3 Bc6 19. Nd6 Nc8 20. Nc4 Nf6 21. Na5 Bd5 22. Bc4 b6 23. Bxd5 Nxd5 24. Nc6 Nce7 25. Nxe7+ Nxe7 26. Rc1 Nf5 27. Rd7 Nxg3 28. fxg3 Rfd8 29. Rcc7 Rxd7 30. Rxd7 b5 31. Rb7 a6 32. Rb6 Kf8 33. b3 Ra7 34. Kf2 Ke7 35. Kf3 Kd7 36. Rb8 Ke7 37. g4 Rd7 38. Ra8 Rd6 39. h4 Kf6 40. Ra7 Kg6 41. g3 f5 42. gxf5+ exf5 43. b4 Kf6 44. h5 g6 45. hxg6 Kxg6 46. Kf4 Re6 47. a3 h5 48. Ra8 Re4+ 49. Kf3 Re6 50. Rg8+ Kf6 51. Rh8 Kg6 52. Rf8 Kg5 53. Rh8 Kf6 54. Ra8 Kg6 1/2-1/2

[Event "THA pre olympic qual (Women)"]
[Site "Bangkok"]
[Date "2016.05.20"]
[Round "5"]
[White "Atikankhotchasee, Manunthon"]
[Black "Atthaworadej, Worasuda"]
[Result "1-0"]
[WhiteElo "1679"]
[BlackElo "1681"]
[PlyCount "123"]
[EventDate "2016.05.14"]
[EventType "swiss"]
[EventRounds "9"]
[EventCountry "THA"]
[SourceTitle "CBM 172 Extra"]
[Source "ChessBase"]
[SourceDate "2016.06.21"]
[SourceVersion "1"]
[SourceVersionDate "2016.06.21"]
[SourceQuality "1"]

1. e4 d5 2. exd5 Qxd5 3. d4 Nf6 4. Nc3 Qa5 5. Bd2 c6 6. Nf3 Bf5 7. b4 Qc7 8. Be2 e6 9. Rb1 Bd6 10. h3 Nbd7 11. Nh4 Be4 12. Nxe4 Nxe4 13. 0-0 0-0 14. Bd3 Ndf6 15. Be1 Rfd8 16. Nf3 Be7 17. Qe2 Nd6 18. Bd2 Nc8 19. a4 Nd5 20. Qe4 Nf6 21. Qe2 Nb6 22. a5 Nbd5 23. g3 b5 24. axb6 Qxb6 25. Rb3 Nc7 26. Ra1 Nb5 27. c4 Nxd4 28. Nxd4 Qxd4 29. Ra6 Qd7 30. Qf3 Rdc8 31. Rba3 e5 32. Bc3 e4 33. Bxe4 Nxe4 34. Qxe4 Rcb8 35. Qxc6 Qxc6 36. Rxc6 a5 37. Rxa5 Rxa5 38. bxa5 f6 39. a6 Ra8 40. Bd4 Kf8 41. Rb6 Bd8 42. Rc6 Ke7 43. a7 Kd7 44. Ra6 Kc7 45. Kg2 Kb7 46. Ra4 Bc7 47. Kf3 Kc6 48. Ra6+ Kb7 49. Re6 Bd8 50. h4 Rc8 51. Rd6 Kc7 52. Ra6 Kb7 53. Ra4 Bc7 54. h5 Bd8 55. Ke4 Ka8 56. Rb4 Bc7 57. Kf5 Rd8 58. Be3 Re8 59. Rb5 Re7 60. h6 gxh6 61. Kxf6 Rd7 62. Rd5 1-0

[Event "THA pre olympic qual (Women)"]
[Site "Bangkok"]
[Date "2016.05.15"]
[Round "4"]
[White "Phitchayarom, Ruja"]
[Black "Atikankhotchasee, Manunthon"]
[Result "1/2-1/2"]
[WhiteElo "1572"]
[BlackElo "1679"]
[PlyCount "60"]
[EventDate "2016.05.14"]
[EventType "swiss"]
[EventRounds "9"]
[EventCountry "THA"]
[SourceTitle "CBM 172 Extra"]
[Source "ChessBase"]
[SourceDate "2016.06.21"]
[SourceVersion "1"]
[SourceVersionDate "2016.06.21"]
[SourceQuality "1"]

1. d4 d5 2. Bf4 e6 3. e3 Nf6 4. c3 h6 5. h3 Bd6 6. Bxd6 Qxd6 7. Nf3 b6 8. Bd3 Ba6 9. Bxa6 Nxa6 10. Qa4+ b5 11. Qxb5+ Ke7 12. Qe2 Rhb8 13. 0-0 c5 14. dxc5 Nxc5 15. b3 Nce4 16. c4 Qa6 17. Nfd2 dxc4 18. Qxc4 Qxc4 19. Nxc4 Rd8 20. Nba3 Nc3 21. Nc2 Nfd5 22. Nd4 Nb4 23. a3 Rxd4 24. exd4 Nc2 25. Rad1 Nxd1 26. Rxd1 Rd8 27. Na5 Rd6 28. a4 Kd7 29. Nc4 Rxd4 30. Rxd4+ Nxd4 1/2-1/2

[Event "THA pre olympic qual (Women)"]
[Site "Bangkok"]
[Date "2016.05.14"]
[Round "1"]
[White "Atikankhotchasee, Manunthon"]
[Black "Wannawichian, Suwicha"]
[Result "1/2-1/2"]
[WhiteElo "1679"]
[BlackElo "1383"]
[PlyCount "110"]
[EventDate "2016.05.14"]
[EventType "swiss"]
[EventRounds "9"]
[EventCountry "THA"]
[SourceTitle "CBM 172 Extra"]
[Source "ChessBase"]
[SourceDate "2016.06.21"]
[SourceVersion "1"]
[SourceVersionDate "2016.06.21"]
[SourceQuality "1"]

1. d4 d5 2. Bg5 Be6 3. e3 a6 4. Nf3 Nd7 5. g3 Ngf6 6. Bxf6 Nxf6 7. Bg2 Bg4 8. 0-0 e6 9. Nbd2 Bd6 10. c4 c6 11. Qb3 Rb8 12. cxd5 exd5 13. a4 0-0 14. a5 Kh8 15. Qc3 Ne4 16. Nxe4 dxe4 17. Nd2 f5 18. Nc4 Be2 19. Rfc1 Bxc4 20. Qxc4 Rc8 21. b4 Qe7 22. Rab1 h6 23. Bf1 Kh7 24. Be2 g6 25. Kg2 h5 26. Rh1 Kg7 27. Kf1 Qg5 28. Qe6 Qf6 29. Bc4 Qxe6 30. Bxe6 Rb8 31. Ke2 Kf6 32. Bc4 Bc7 33. Rhd1 Ke7 34. d5 cxd5 35. Rxd5 Rfd8 36. Rbd1 Rxd5 37. Rxd5 Bd6 38. b5 Rc8 39. Bb3 Rc5 40. Rxc5 Bxc5 41. Bd5 axb5 42. Bxb7 Kd7 43. f3 exf3+ 44. Kxf3 Ke6 45. h4 b4 46. e4 Ke5 47. Bd5 Kf6 48. Kf4 fxe4 49. Kxe4 Bf2 50. a6 g5 51. hxg5+ Kxg5 52. Be6 h4 53. g4 b3 54. Kf3 b2 55. Bf5 Bc5 1/2-1/2